| 000 | 00623nam a2200229Ia 4500 | ||
|---|---|---|---|
| 005 | 20250508163900.0 | ||
| 008 | 008 250505s9999 xx 000 0 eng d | ||
| 037 | _aTextBook | ||
| 040 |
_aFEDL _beng _cFEDL |
||
| 041 |
_aeng _2eng |
||
| 084 |
_a370, GIJ _qFEDL |
||
| 100 |
_aBadheka Gijubhai _9776656 |
||
| 245 | 0 | _aMata - pita ke prashn | |
| 260 |
_aDelhi, India _bSanskriti Sahitya _c2000 |
||
| 300 | _a79p | ||
| 365 |
_aINR _b100 |
||
| 490 | _aShiksha ke Vividh Aayam 13 | ||
| 650 |
_aEducaation _9776657 |
||
| 700 |
_a Ramesh Dev Tr. _9776658 |
||
| 942 |
_cTB _h370, GIJ |
||
| 999 |
_c1385768 _d1385768 |
||